Régions de France - Statistiques

Statistiques générales
  • Ce quiz a été pris 186 439 fois
    183 199 depuis la dernière actualisation
  • Le résultat moyen est 15 sur 18
Réponses sur la Carte
Les réponses sont colorées sur une échelle allant du rouge au vert en fonction du pourcentage des utilisateurs qui les ont devinées à leur premier essai. Vous pouvez retrouver ces pourcentages ci-dessous.
 
Statistiques - réponses
Région % Correct
Bretagne
96%
Île-de-France
95%
Corse
93%
Normandie
90%
Provence-Alpes-Côte d'Azur
85%
Guyane
84%
La Réunion
84%
Guadeloupe
82%
Martinique
82%
Grand Est
81%
Auvergne-Rhône-Alpes
78%
Hauts-de-France
78%
Occitanie
77%
Nouvelle Aquitaine
76%
Centre-Val de Loire
75%
Pays de la Loire
75%
Bourgogne-Franche-Comté
71%
Mayotte
69%
Aucun quiz correspondant
Distribution des résultats
% des personnes avec chaque résultat
Percentile par nombre de réponses
Votre historique - résultats
Vous n’avez pas pris ce quiz depuis la dernière actualisation